000 01355nab a22002657a 4500
999 _c5951
_d5951
003 OSt
005 20260114124833.0
008 190605e xxu||||| |||| 00| 0 spa d
040 _cPJ
100 _96794
_aVázquez, César Augusto (h)
245 1 0 _aApreciaciones sobre el derecho de huelga frente a la irrupción del protocolo para el mantenimiento del orden ante el corte de vías de circulación /
_cCésar Augusto Vázquez (h).
260 _aCiudad Autónoma de Buenos Aires :
_bThomson Reuters La Ley,
_c2024.
300 _ap. 17-27
500 _aCita: TR LALEY AR/DOC/1438/2024.
505 _aSumario: I. Introducción.— II. El nuevo Protocolo y sus antecedentes.— III. El derecho de "reunión pacífica" y su extensión.— IV. El derecho de huelga.— V. El art. 194 del Cód. Penal frente a los "piquetes" y bloqueos.— VI. Conclusión.
505 _t¿Te interesa el texto completo? Solicitalo al correo: koha@justierradelfuego.gov.ar
650 0 _91316
_aDERECHO LABORAL
650 0 _93784
_aASOCIACIONES CIVILES
650 0 _94564
_aDERECHO DE HUELGA
650 0 _91340
_aMEDIDAS DE FUERZA
650 0 _91341
_aHUELGA
650 0 _91461
_aLIBERTAD SINDICAL
773 0 _02711
_93168
_dCiudad Autónoma de Buenos Aires : Thomson Reuters La Ley, 1999-2002.
_tRevista de derecho del trabajo. Nº 4 - Julio 2024
942 _2udc
_cANA